000 00532nam a22001817a 4500
999 _c5969
_d5969
003 GBCCL
005 20241126110553.0
008 180419b ||||| |||| 00| 0 eng d
040 _cgbc
082 _a220.6
_bMAG
100 _aMagalit, Leticia A.
_910781
245 _aHow to lead Bible studies /
_cLeticia A. Magalit
250 _a6th Printing
260 _aPhilippines:
_bInter-Varsity Christian Fellowship,
_c1978
300 _a75 p.;
_bill.,
_c21 cm.
650 _aBible
_vCriticism, Interpretation, etc.
_910044
942 _2ddc
_cBK